|
|
|
|
| LEADER |
01165nam a2200289 a 4500 |
| 001 |
3167880 |
| 008 |
090727s1996 enk b 000 1 eng d |
| 010 |
|
|
|a 75330456
|
| 020 |
|
|
|a 0140435212
|
| 040 |
|
|
|a DLC
|c DLC
|d DLC
|d OCoLC
|
| 082 |
0 |
0 |
|a 823/.8
|2 21
|
| 100 |
1 |
|
|a Hardy, Thomas,
|d 1840-1928.
|
| 245 |
1 |
0 |
|a Far from the madding crowd /
|c Thomas Hardy;edited and notes by Rosemarie Morgan with Shannon Russell.
|
| 250 |
|
|
|a New Wessex ed. /
|b introduction by John Bayley ; notes by Christine Winfield.
|
| 260 |
|
|
|a London :
|b Macmillan;Penguin Books,
|c 1996.
|
| 300 |
|
|
|a 433 p. ;
|c 19 cm.
|
| 490 |
0 |
|
|a The New Wessex edition.
|
| 541 |
1 |
|
|e 00010669
|
| 650 |
|
0 |
|a Farm life
|v Fiction.
|
| 650 |
|
0 |
|a Women farmers
|v Fiction.
|
| 650 |
|
0 |
|a Triangles (Interpersonal relations)
|v Fiction.
|
| 651 |
|
0 |
|a Wessex (England)
|v Fiction.
|
| 700 |
1 |
|
|a Morgan,Rosemarie.
|
| 852 |
4 |
|
|a Ayesha Abed Library
|j General Shelf.
|
| 942 |
0 |
0 |
|0 1
|
| 999 |
|
|
|c 3002
|d 3002
|
| 952 |
|
|
|0 0
|1 0
|2 ddc
|4 0
|6 823_800000000000000_HAR_2000
|7 0
|9 2717
|a BRACUL
|b BRACUL
|c GEN
|d 2009-08-18
|g 0.00
|l 17
|m 94
|o 823.8 HAR
|p 3010010669
|r 2025-11-16
|s 2025-07-13
|t 1
|w 2009-08-18
|y BK
|x No price found in the accession register.
|